01335nam a22003494a 4500001001100000003000800011006001900019007001500038008004100053010001700094020003500111040002100146035002100167050002900188082002200217100001900239245007700258260003600335300001100371490002400382504005400406533015200460650004800612650003900660650005700699655002900756700001800785710001700803830002500820856012500845999001500970ebr5001642CaPaEBRm u cr cn|||||||||010301s2001 mau sb 000 0 eng  z 2001001245 z0807043354 (pbk. : alk. paper) aCaPaEBRcCaPaEBR a(OCoLC)22803997414aHF5549.5.A34bG85 2001eb04a331.13/3/09732211 aGuinier, Lani.10aWho's qualified?h[electronic resource] /cLani Guinier and Susan Sturm. aBoston :bBeacon Press,cc2001. a117 p.1 aNew democracy forum aIncludes bibliographical references (p. 109-115). aElectronic reproduction.bPalo Alto, Calif. :cebrary,d2013.nAvailable via World Wide Web.nAccess may be limited to ebrary affiliated libraries. 0aAffirmative action programszUnited States. 0aEmployee selectionzUnited States. 0aUniversities and collegeszUnited StatesxAdmission. 7aElectronic books.2local1 aSturm, Susan.2 aebrary, Inc. 0aNew democracy forum.40uhttp://site.ebrary.com/lib/rucke/Doc?id=5001642zAn electronic book accessible through the World Wide Web; click to view c1259d1259